[Event "Belgrade-chT2 Quality"]
[Site "Belgrade"]
[Date "2022.11.13"]
[Round "11.4"]
[White "Popadic, Dragan B"]
[Black "Poleksic, Miodrag"]
[Result "1/2-1/2"]
[WhiteElo "2076"]
[BlackElo "1971"]
[PlyCount "34"]
[EventDate "2022.10.15"]
[EventType "team-tourn"]
[EventRounds "13"]
[EventCountry "SRB"]
[SourceTitle "EXT 2024"]
[Source "ChessBase"]
[SourceDate "2023.10.10"]
[SourceVersion "1"]
[SourceVersionDate "2023.10.10"]
[SourceQuality "1"]
[WhiteTeam "Novi Belgrade Technicka"]
[BlackTeam "Belgrade BASK"]
[WhiteTeamCountry "SRB"]
[BlackTeamCountry "SRB"]

1. e4 e5 2. Nf3 Nf6 3. Nc3 Nc6 4. g3 d5 5. exd5 Nxd5 6. Bg2 Be6 7. 0-0 f6 8. Re1 Kf7 9. d4 Nxc3 10. bxc3 exd4 11. cxd4 Bd5 12. c3 Na5 13. Qc2 g6 14. Rb1 b6 15. Nh4 c6 16. Bf4 Bd6 17. Bxd6 Qxd6 1/2-1/2

[Event "Belgrade-chT2 Quality"]
[Site "Belgrade"]
[Date "2022.11.12"]
[Round "10.5"]
[White "Vujicic, Mirko"]
[Black "Poleksic, Miodrag"]
[Result "1/2-1/2"]
[WhiteElo "2210"]
[BlackElo "1971"]
[PlyCount "91"]
[EventDate "2022.10.15"]
[EventType "team-tourn"]
[EventRounds "13"]
[EventCountry "SRB"]
[SourceTitle "EXT 2024"]
[Source "ChessBase"]
[SourceDate "2023.10.10"]
[SourceVersion "1"]
[SourceVersionDate "2023.10.10"]
[SourceQuality "1"]
[WhiteTeam "Zemun"]
[BlackTeam "Belgrade BASK"]
[WhiteTeamCountry "SRB"]
[BlackTeamCountry "SRB"]

1. e4 e5 2. Nf3 Nf6 3. Nxe5 d6 4. Nf3 Nxe4 5. d4 d5 6. Bd3 Nc6 7. 0-0 Be7 8. c4 Nb4 9. Be2 Bf5 10. a3 Nc6 11. cxd5 Qxd5 12. Nc3 Nxc3 13. bxc3 0-0 14. Bf4 Rac8 15. Qd2 Bd6 16. c4 Qe4 17. Be3 b6 18. Rfe1 Qc2 19. Qxc2 Bxc2 20. Rac1 Bf5 21. c5 bxc5 22. dxc5 Be7 23. Bb5 Nd8 24. Ba6 Rb8 25. Nd4 Bc8 26. Bd3 Bf6 27. Rb1 Rxb1 28. Rxb1 Bxd4 29. Bxd4 Ne6 30. Be3 Rd8 31. Be2 Bd7 32. Rb7 a5 33. Bf3 Ba4 34. h3 Bd1 35. Bc6 a4 36. Ra7 Kf8 37. Bxa4 Bxa4 38. Rxa4 Ke7 39. Kf1 Kd7 40. Ra6 Rb8 41. Ke2 Rb5 42. a4 Rb3 43. Kd2 f5 44. Kc2 Rb4 45. c6+ Kd6 46. Kc1 1/2-1/2

[Event "Belgrade Radnicki Scheveningen"]
[Site "Belgrade"]
[Date "2022.01.09"]
[Round "8.1"]
[White "Poleksic, Miodrag"]
[Black "Darmaeva, Nomina"]
[Result "1/2-1/2"]
[WhiteElo "2086"]
[BlackElo "1773"]
[PlyCount "106"]
[EventDate "2022.01.02"]
[EventType "schev"]
[EventRounds "10"]
[EventCountry "SRB"]
[SourceTitle "CBM 206 Extra"]
[Source "ChessBase"]
[SourceDate "2022.03.31"]
[SourceVersion "1"]
[SourceVersionDate "2022.03.31"]
[SourceQuality "1"]
[WhiteTeam "Team B"]
[BlackTeam "Team A"]
[WhiteTeamCountry "SRB"]
[BlackTeamCountry "SRB"]

1. d4 d5 2. c4 e6 3. Nc3 c6 4. e4 dxe4 5. Nxe4 Bb4+ 6. Bd2 Qxd4 7. Bxb4 Qxe4+ 8. Ne2 a5 9. Ba3 Nd7 10. Qd6 Qe5 11. 0-0-0 Qxd6 12. Bxd6 Nh6 13. Ng3 f5 14. f4 c5 15. Be2 Kf7 16. Bf3 Ra6 17. Bc7 Nf6 18. Bd6 b6 19. Bc7 g6 20. Rd6 a4 21. Rxb6 Ne8 22. Rxa6 Bxa6 23. Be5 Nf6 24. b3 axb3 25. axb3 Rd8 26. Rd1 Rxd1+ 27. Kxd1 Nhg4 28. Bd6 Nxh2 29. Bc6 h5 30. Bxc5 h4 31. Ne2 Nhg4 32. Bd4 Ne4 33. Nc3 Nxc3+ 34. Bxc3 Ke7 35. Be1 Kd6 36. Ba8 Kc5 37. Kc2 Kd4 38. Bxh4 Bc8 39. Kd2 e5 40. fxe5 Kxe5 41. Kd3 Be6 42. b4 Kd6 43. Bg3+ Kd7 44. c5 g5 45. Bf3 f4 46. Bxg4 Bxg4 47. Bxf4 gxf4 48. Ke4 Kc6 49. Kxf4 Bc8 50. g4 Kb5 51. g5 Kxb4 52. Ke5 Kxc5 53. g6 Ba6 1/2-1/2

[Event "Belgrade Radnicki Scheveningen"]
[Site "Belgrade"]
[Date "2022.01.07"]
[Round "6.3"]
[White "Poleksic, Miodrag"]
[Black "Zhambalov, Bator"]
[Result "0-1"]
[WhiteElo "2086"]
[BlackElo "1773"]
[PlyCount "48"]
[EventDate "2022.01.02"]
[EventType "schev"]
[EventRounds "10"]
[EventCountry "SRB"]
[SourceTitle "CBM 206 Extra"]
[Source "ChessBase"]
[SourceDate "2022.03.31"]
[SourceVersion "1"]
[SourceVersionDate "2022.03.31"]
[SourceQuality "1"]
[WhiteTeam "Team B"]
[BlackTeam "Team A"]
[WhiteTeamCountry "SRB"]
[BlackTeamCountry "SRB"]

1. d4 Nf6 2. c4 e6 3. Nc3 Bb4 4. e3 d5 5. Nf3 0-0 6. Bd3 dxc4 7. Bxc4 c5 8. 0-0 a6 9. a3 Ba5 10. Qe2 b5 11. Bb3 Bb7 12. Rd1 Nbd7 13. Bc2 Rc8 14. e4 cxd4 15. Nxd4 Bxc3 16. bxc3 e5 17. Nf5 Rxc3 18. Nd6 Qc7 19. Nxb7 Rxc2 20. Qd3 Rc6 21. Nd6 Nc5 22. Nxb5 axb5 23. Qxb5 Ncxe4 24. Bb2 Rc5 0-1

[Event "Belgrade Radnicki Scheveningen"]
[Site "Belgrade"]
[Date "2022.01.03"]
[Round "2.2"]
[White "Poleksic, Miodrag"]
[Black "Komissarova, Soigina"]
[Result "0-1"]
[WhiteElo "2086"]
[BlackElo "1751"]
[PlyCount "98"]
[EventDate "2022.01.02"]
[EventType "schev"]
[EventRounds "10"]
[EventCountry "SRB"]
[SourceTitle "CBM 206 Extra"]
[Source "ChessBase"]
[SourceDate "2022.03.31"]
[SourceVersion "1"]
[SourceVersionDate "2022.03.31"]
[SourceQuality "1"]
[WhiteTeam "Team B"]
[BlackTeam "Team A"]
[WhiteTeamCountry "SRB"]
[BlackTeamCountry "SRB"]

1. d4 d5 2. c4 e6 3. Nc3 c6 4. e4 dxe4 5. Nxe4 Bb4+ 6. Bd2 Qxd4 7. Bxb4 Qxe4+ 8. Be2 Nd7 9. Nf3 c5 10. Bc3 Ngf6 11. 0-0 0-0 12. Re1 b6 13. Bd3 Qc6 14. Ne5 Nxe5 15. Rxe5 h6 16. Re3 e5 17. Bxe5 Bg4 18. f3 Bd7 19. Qe2 Rad8 20. Re1 a6 21. Bb1 Nh7 22. Qc2 f5 23. Qc3 Rf7 24. Rd1 b5 25. Qa5 Re8 26. f4 Nf6 27. Red3 Ne4 28. Rd5 Be6 29. Bxe4 fxe4 30. Rd6 Qb7 31. Rb6 Qe7 32. cxb5 g5 33. Qd2 axb5 34. Rd6 Ref8 35. g3 gxf4 36. Bxf4 Rxf4 37. gxf4 Kh7 38. Rxe6 Qxe6 39. Qd7+ Qxd7 40. Rxd7+ Kg6 41. Rd6+ Kf5 42. Rd5+ Kxf4 43. Kf2 e3+ 44. Ke2 Ke4 45. Rxc5 Rf2+ 46. Ke1 Rxb2 47. h4 b4 48. Rb5 Rxa2 49. Rxb4+ Kf3 0-1

[Event "Belgrade-chT Quality"]
[Site "Belgrade"]
[Date "2021.11.14"]
[Round "10.1"]
[White "Panic, Nenad"]
[Black "Poleksic, Miodrag"]
[Result "1-0"]
[WhiteElo "2326"]
[BlackElo "2089"]
[PlyCount "79"]
[EventDate "2021.10.16"]
[EventType "team-tourn"]
[EventRounds "11"]
[EventCountry "SRB"]
[SourceTitle "EXT 2023"]
[Source "ChessBase"]
[SourceDate "2022.10.05"]
[SourceVersion "1"]
[SourceVersionDate "2022.10.05"]
[SourceQuality "1"]
[WhiteTeam "Belgrade Sremcica"]
[BlackTeam "Belgrade Bask"]
[WhiteTeamCountry "SRB"]
[BlackTeamCountry "SRB"]

1. b3 e5 2. Bb2 Nc6 3. c4 Nf6 4. e3 d5 5. cxd5 Nxd5 6. a3 Bd6 7. d3 0-0 8. Nf3 a6 9. Nbd2 f5 10. Rc1 Qe7 11. Nc4 Bd7 12. Be2 b5 13. Nxd6 cxd6 14. 0-0 h6 15. Re1 Rac8 16. Bf1 Qf7 17. Nd2 Nce7 18. Rxc8 Rxc8 19. e4 Nf6 20. d4 fxe4 21. dxe5 dxe5 22. Nxe4 Nxe4 23. Rxe4 Ng6 24. Bxe5 Bf5 25. Re3 Nxe5 26. Rxe5 Bc2 27. Qd6 Rf8 28. f3 Qa7+ 29. Qc5 Qxc5+ 30. Rxc5 Bxb3 31. Kf2 Re8 32. h4 Kf7 33. Bd3 Kf6 34. a4 Re5 35. Rc7 Bd5 36. Ra7 Re6 37. f4 Be4 38. f5 Re5 39. Rxa6+ Kf7 40. Re6 1-0

[Event "Belgrade-chT Quality"]
[Site "Belgrade"]
[Date "2021.10.30"]
[Round "6.2"]
[White "Poleksic, Miodrag"]
[Black "Certic, Branimir"]
[Result "1/2-1/2"]
[WhiteElo "2089"]
[BlackElo "2342"]
[PlyCount "90"]
[EventDate "2021.10.16"]
[EventType "team-tourn"]
[EventRounds "11"]
[EventCountry "SRB"]
[SourceTitle "EXT 2023"]
[Source "ChessBase"]
[SourceDate "2022.10.05"]
[SourceVersion "1"]
[SourceVersionDate "2022.10.05"]
[SourceQuality "1"]
[WhiteTeam "Belgrade Bask"]
[BlackTeam "Belgrade Vodovod"]
[WhiteTeamCountry "SRB"]
[BlackTeamCountry "SRB"]

1. d4 d6 2. e4 g6 3. Nc3 a6 4. Be3 e6 5. h4 h6 6. Qd2 b5 7. h5 g5 8. Nh3 Nf6 9. f3 Bb7 10. 0-0-0 Nbd7 11. Nf2 Bg7 12. a3 c5 13. dxc5 dxc5 14. e5 Nxe5 15. Qxd8+ Rxd8 16. Rxd8+ Kxd8 17. Bxc5 Kc7 18. Nfe4 Nxe4 19. Nxe4 f5 20. Nd2 Rd8 21. Be2 Bc6 22. Rf1 Nd7 23. Bg1 Be5 24. Be3 Nf6 25. Bd3 Be8 26. Rh1 Nd5 27. Bc5 Nf4 28. Bf8 Nxd3+ 29. cxd3 Rxd3 30. Kc2 Rd7 31. Bxh6 Bf4 32. Nb3 Rh7 33. Bf8 Bxh5 34. Nc5 e5 35. Ne6+ Kc6 36. Nxf4 gxf4 37. Kd3 e4+ 38. Kd4 exf3 39. gxf3 Rd7+ 40. Ke5 Bxf3 41. Rh6+ Kb7 42. Kxf4 Be4 43. Bc5 Rd1 44. b4 Rf1+ 45. Ke5 Rd1 1/2-1/2

[Event "Belgrade-chT Quality"]
[Site "Belgrade"]
[Date "2021.10.24"]
[Round "4.2"]
[White "Poleksic, Miodrag"]
[Black "Cobic, Vladimir"]
[Result "1/2-1/2"]
[WhiteElo "2089"]
[BlackElo "2297"]
[PlyCount "89"]
[EventDate "2021.10.16"]
[EventType "team-tourn"]
[EventRounds "11"]
[EventCountry "SRB"]
[SourceTitle "EXT 2023"]
[Source "ChessBase"]
[SourceDate "2022.10.05"]
[SourceVersion "1"]
[SourceVersionDate "2022.10.05"]
[SourceQuality "1"]
[WhiteTeam "Belgrade Bask"]
[BlackTeam "Belgrade Mladenovac"]
[WhiteTeamCountry "SRB"]
[BlackTeamCountry "SRB"]

1. d4 Nf6 2. c4 c5 3. d5 b5 4. cxb5 a6 5. bxa6 Bxa6 6. Nc3 d6 7. e4 Bxf1 8. Kxf1 g6 9. Nf3 Bg7 10. g3 0-0 11. Qe2 Qa5 12. Kg2 Nbd7 13. Bd2 Rfb8 14. b3 Ng4 15. Na4 Qa6 16. Qxa6 Rxa6 17. Rac1 Nge5 18. Nxe5 Nxe5 19. f4 Nd3 20. Rc2 Nb4 21. Bxb4 Rxb4 22. Re1 c4 23. Re3 Bd4 24. Rf3 Ra5 25. Rd2 Bf6 26. Nc3 cxb3 27. axb3 Rxb3 28. Nd1 Rb4 29. Re2 Bd4 30. Nf2 f6 31. Nd3 Rc4 32. Rf1 Kf7 33. Rc1 Rxc1 34. Nxc1 Ra3 35. Rd2 Be3 36. Rc2 f5 37. e5 dxe5 38. fxe5 Ra5 39. d6 Rxe5 40. dxe7 Rxe7 41. Nd3 g5 42. h3 Bd4 43. Nf2 Re3 44. Rd2 Bc5 45. Rd5 1/2-1/2

[Event "Belgrade-chT Quality"]
[Site "Belgrade"]
[Date "2021.10.16"]
[Round "1.2"]
[White "Poleksic, Miodrag"]
[Black "Petrekanovic, Miroslav"]
[Result "1/2-1/2"]
[WhiteElo "2089"]
[BlackElo "2141"]
[PlyCount "62"]
[EventDate "2021.10.16"]
[EventType "team-tourn"]
[EventRounds "11"]
[EventCountry "SRB"]
[SourceTitle "EXT 2023"]
[Source "ChessBase"]
[SourceDate "2022.10.05"]
[SourceVersion "1"]
[SourceVersionDate "2022.10.05"]
[SourceQuality "1"]
[WhiteTeam "Belgrade Bask"]
[BlackTeam "Belgrade Banjica"]
[WhiteTeamCountry "SRB"]
[BlackTeamCountry "SRB"]

1. d4 d5 2. c4 e5 3. dxe5 d4 4. Nf3 Nc6 5. g3 Nge7 6. Bg2 Ng6 7. 0-0 Ngxe5 8. Nxe5 Nxe5 9. b3 Bc5 10. Ba3 Bxa3 11. Nxa3 0-0 12. Nc2 d3 13. exd3 Bg4 14. Qd2 Nf3+ 15. Bxf3 Bxf3 16. Ne1 Bg4 17. d4 Qf6 18. f3 Bh3 19. Ng2 Rad8 20. Rad1 Rd6 21. Rf2 Rfd8 22. d5 Bxg2 23. Kxg2 c6 24. Qd4 cxd5 25. cxd5 Qxd4 26. Rxd4 Rxd5 27. Rxd5 Rxd5 28. Rc2 Kf8 29. Rc7 Rd2+ 30. Kh3 Rxa2 31. Rxb7 a5 1/2-1/2

[Event "Belgrade-chT Quality"]
[Site "Belgrade"]
[Date "2020.10.23"]
[Round "4.2"]
[White "Nikolic, Radisa S"]
[Black "Poleksic, Miodrag"]
[Result "1-0"]
[WhiteElo "2145"]
[BlackElo "2089"]
[PlyCount "105"]
[EventDate "2020.10.09"]
[EventType "team-tourn"]
[EventRounds "9"]
[EventCountry "SRB"]
[SourceTitle "EXT 2022"]
[Source "ChessBase"]
[SourceDate "2021.10.06"]
[SourceVersion "1"]
[SourceVersionDate "2021.10.06"]
[SourceQuality "1"]
[WhiteTeam "Belgrade Borca"]
[BlackTeam "Belgrade Bask"]
[WhiteTeamCountry "SRB"]
[BlackTeamCountry "SRB"]

1. e4 e5 2. Nf3 Nf6 3. Nc3 Nc6 4. d4 exd4 5. Nxd4 Bb4 6. Nxc6 bxc6 7. Bd3 d5 8. exd5 cxd5 9. 0-0 0-0 10. Bg5 c6 11. Qf3 Bd6 12. Rfe1 Rb8 13. Rab1 h6 14. Bxf6 Qxf6 15. Qxf6 gxf6 16. a3 a5 17. h3 Be6 18. Ne2 c5 19. Ng3 c4 20. Be2 Kg7 21. f4 f5 22. Red1 d4 23. Bxc4 Rfd8 24. Bxe6 fxe6 25. Ne2 Bc5 26. Kf1 Kf6 27. Rd3 e5 28. fxe5+ Kxe5 29. g3 Rd6 30. Kg2 Rdb6 31. b3 Rd6 32. Rbd1 Rbd8 33. a4 Bb4 34. Kf3 Bc5 35. Re1 Bb4 36. Red1 Bc5 37. Nf4 Bb4 38. Rf1 Rc8 39. Rf2 Kf6 40. g4 Rcd8 41. Re2 fxg4+ 42. hxg4 Kf7 43. Re5 Bc3 44. Rf5+ Kg7 45. Ne2 Bb4 46. Rf4 Bc5 47. Ng3 Kg6 48. Nf5 R6d7 49. Re4 Rf7 50. Re6+ Kg5 51. Ke4 Bf8 52. Re5 Kf6 53. Nxd4 1-0

[Event "Belgrade-chT Quality"]
[Site "Belgrade"]
[Date "2020.10.11"]
[Round "3.2"]
[White "Poleksic, Miodrag"]
[Black "Ristic, Luka"]
[Result "0-1"]
[WhiteElo "2089"]
[BlackElo "2262"]
[PlyCount "56"]
[EventDate "2020.10.09"]
[EventType "team-tourn"]
[EventRounds "9"]
[EventCountry "SRB"]
[SourceTitle "EXT 2022"]
[Source "ChessBase"]
[SourceDate "2021.10.06"]
[SourceVersion "1"]
[SourceVersionDate "2021.10.06"]
[SourceQuality "1"]
[WhiteTeam "Belgrade Bask"]
[BlackTeam "Belgrade Polet"]
[WhiteTeamCountry "SRB"]
[BlackTeamCountry "SRB"]

1. d4 Nf6 2. c4 c5 3. d5 g6 4. Nc3 Bg7 5. e4 d6 6. Nf3 0-0 7. h3 e6 8. Bd3 exd5 9. cxd5 b5 10. Nxb5 Re8 11. Nd2 Nxd5 12. 0-0 Nb4 13. Nc4 Ba6 14. a4 N8c6 15. Ncxd6 Bxb5 16. Bxb5 Re6 17. Bxc6 Rxd6 18. Qxd6 Qxd6 19. Bxa8 Nc2 20. Rb1 Qd3 21. Bd5 Bd4 22. b3 Ne1 23. Rxe1 Qxb1 24. Rf1 Qc2 25. Be3 Kg7 26. Bf4 Qe2 27. Bg3 a5 28. Rb1 Qd3 0-1

[Event "Belgrade City-chT"]
[Site "Belgrade"]
[Date "2019.05.15"]
[Round "3.5"]
[White "Matic, Petar"]
[Black "Poleksic, Miodrag"]
[Result "1/2-1/2"]
[WhiteElo "2173"]
[BlackElo "2118"]
[PlyCount "90"]
[EventDate "2019.05.13"]
[EventType "team-swiss"]
[EventRounds "5"]
[EventCountry "SRB"]
[SourceTitle "CBM 190 Extra"]
[Source "ChessBase"]
[SourceDate "2019.07.15"]
[SourceVersion "1"]
[SourceVersionDate "2019.07.15"]
[SourceQuality "1"]
[WhiteTeam "Novi Belgrade Technicka"]
[BlackTeam "Bask"]
[WhiteTeamCountry "SRB"]
[BlackTeamCountry "SRB"]

1. e4 e5 2. Nf3 Nf6 3. Nxe5 d6 4. Nf3 Nxe4 5. d4 d5 6. Bd3 Nc6 7. 0-0 Be7 8. c4 Nb4 9. Be2 Bf5 10. a3 Nc6 11. cxd5 Qxd5 12. Nc3 Nxc3 13. bxc3 0-0 14. Bf4 Rac8 15. Nd2 Na5 16. Be3 Bf6 17. Bf3 Qd7 18. Ne4 Bxe4 19. Bxe4 b6 20. Qf3 Rcd8 21. Rfd1 Qe7 22. Re1 Rfe8 23. Bd3 Qd7 24. Rad1 Be7 25. Bc1 Bd6 26. Bg5 Rxe1+ 27. Rxe1 Re8 28. Re3 Rxe3 29. fxe3 Qe8 30. a4 h6 31. Bh4 c5 32. Bb5 Qe6 33. Qa8+ Kh7 34. Bd3+ g6 35. Qf3 Kg7 36. e4 cxd4 37. cxd4 Be7 38. Bxe7 Qxe7 39. e5 Nb3 40. Qe4 Nd2 41. Qf4 Qg5 42. Qxg5 hxg5 43. d5 Kf8 44. Kf2 Nb3 45. Bc2 Nc5 1/2-1/2

[Event "Belgrade-chTB Quality"]
[Site "Belgrade"]
[Date "2018.10.14"]
[Round "6.2"]
[White "Simonovic, Miroslav"]
[Black "Poleksic, Miodrag"]
[Result "1/2-1/2"]
[WhiteElo "2219"]
[BlackElo "2113"]
[PlyCount "27"]
[EventDate "2018.09.29"]
[EventType "team-tourn"]
[EventRounds "11"]
[EventCountry "SRB"]
[SourceTitle "CBM 187 Extra"]
[Source "ChessBase"]
[SourceDate "2018.11.04"]
[SourceVersion "1"]
[SourceVersionDate "2018.11.04"]
[SourceQuality "1"]
[WhiteTeam "Belgrade Politika"]
[BlackTeam "Belgrade BASK"]
[WhiteTeamCountry "SRB"]
[BlackTeamCountry "SRB"]

1. c4 c5 2. Nc3 Nf6 3. d4 cxd4 4. Qxd4 Nc6 5. Qd1 g6 6. h4 h5 7. e4 Bg7 8. f3 d6 9. Be3 0-0 10. Qd2 Be6 11. Nh3 Bxh3 12. Rxh3 Qa5 13. Be2 a6 14. a3 1/2-1/2

[Event "Belgrade-chT Quality"]
[Site "Belgrade"]
[Date "2016.10.27"]
[Round "11.3"]
[White "Poleksic, Miodrag"]
[Black "Maric, Dragan"]
[Result "1/2-1/2"]
[WhiteElo "2126"]
[BlackElo "2184"]
[PlyCount "25"]
[EventDate "2016.10.01"]
[EventType "team-tourn"]
[EventRounds "11"]
[EventCountry "SRB"]
[SourceTitle "EXT 2018"]
[Source "ChessBase"]
[SourceDate "2017.10.13"]
[SourceVersion "1"]
[SourceVersionDate "2017.10.13"]
[SourceQuality "1"]

1. d4 c5 2. d5 e5 3. e4 d6 4. Nc3 g6 5. Nf3 Bg7 6. Bb5+ Nd7 7. Nd2 a6 8. Bxd7+ Bxd7 9. Nc4 Qc7 10. a4 b6 11. f4 Rb8 12. fxe5 dxe5 13. Be3 1/2-1/2

[Event "Belgrade-chT Quality"]
[Site "Belgrade"]
[Date "2016.10.26"]
[Round "10.4"]
[White "Poleksic, Miodrag"]
[Black "Dakic, Dejan"]
[Result "1/2-1/2"]
[WhiteElo "2126"]
[BlackElo "2055"]
[PlyCount "71"]
[EventDate "2016.10.01"]
[EventType "team-tourn"]
[EventRounds "11"]
[EventCountry "SRB"]
[SourceTitle "EXT 2018"]
[Source "ChessBase"]
[SourceDate "2017.10.13"]
[SourceVersion "1"]
[SourceVersionDate "2017.10.13"]
[SourceQuality "1"]

1. d4 Nf6 2. c4 g6 3. Nc3 Bg7 4. e4 d6 5. Nf3 0-0 6. Be2 c6 7. 0-0 Na6 8. Re1 c5 9. d5 Nc7 10. h3 a6 11. a4 b6 12. Bf4 h6 13. e5 Nfe8 14. Qd2 Kh7 15. Bd3 Bb7 16. h4 b5 17. b3 dxe5 18. Bxe5 Nf6 19. axb5 axb5 20. Rxa8 Bxa8 21. Bxc7 Qxc7 22. Nxb5 Qb7 23. Qe3 e6 24. dxe6 fxe6 25. Qxc5 Ng4 26. Be4 Qb8 27. Qd6 Qc8 28. Bxa8 Qxa8 29. Nc7 Qa2 30. Qg3 Qa5 31. Rd1 Qf5 32. Re1 e5 33. Nd5 e4 34. Ne7 Qe6 35. h5 gxh5 36. Nd5 1/2-1/2

[Event "Belgrade-chT Quality"]
[Site "Belgrade"]
[Date "2016.10.25"]
[Round "9.4"]
[White "Jakovljevic, Zivota"]
[Black "Poleksic, Miodrag"]
[Result "1/2-1/2"]
[WhiteElo "2080"]
[BlackElo "2126"]
[PlyCount "50"]
[EventDate "2016.10.01"]
[EventType "team-tourn"]
[EventRounds "11"]
[EventCountry "SRB"]
[SourceTitle "EXT 2018"]
[Source "ChessBase"]
[SourceDate "2017.10.13"]
[SourceVersion "1"]
[SourceVersionDate "2017.10.13"]
[SourceQuality "1"]

1. d4 Nf6 2. c4 g6 3. Nc3 d5 4. cxd5 Nxd5 5. e4 Nxc3 6. bxc3 Bg7 7. Bc4 c5 8. Ne2 0-0 9. 0-0 Nc6 10. Be3 Bg4 11. f3 cxd4 12. cxd4 Na5 13. Bxf7+ Rxf7 14. fxg4 Rxf1+ 15. Kxf1 Qd7 16. h3 Rc8 17. Rc1 Nc4 18. Bf2 Bh6 19. Rc2 b5 20. Kg1 Rf8 21. Qd3 e5 22. d5 a6 23. Ng3 Rc8 24. Nf1 Nd6 25. Rxc8+ Qxc8 1/2-1/2

[Event "Belgrade-chT Quality"]
[Site "Belgrade"]
[Date "2016.10.22"]
[Round "7.5"]
[White "Djukic, Sandra"]
[Black "Poleksic, Miodrag"]
[Result "1-0"]
[WhiteElo "2145"]
[BlackElo "2126"]
[PlyCount "103"]
[EventDate "2016.10.01"]
[EventType "team-tourn"]
[EventRounds "11"]
[EventCountry "SRB"]
[SourceTitle "EXT 2018"]
[Source "ChessBase"]
[SourceDate "2017.10.13"]
[SourceVersion "1"]
[SourceVersionDate "2017.10.13"]
[SourceQuality "1"]

1. d4 Nf6 2. c4 g6 3. Nc3 d5 4. cxd5 Nxd5 5. e4 Nxc3 6. bxc3 Bg7 7. Bc4 c5 8. Ne2 Nc6 9. Be3 0-0 10. 0-0 Bg4 11. f3 cxd4 12. cxd4 Na5 13. Bd3 Be6 14. d5 Bxa1 15. Qxa1 f6 16. Qd4 Bd7 17. Bh6 Re8 18. Rb1 b5 19. e5 fxe5 20. Qxe5 Qb6+ 21. Kh1 Qf6 22. Qc7 Bf5 23. Bxf5 gxf5 24. Qg3+ Qg6 25. Qh4 Nc4 26. Nf4 Qf6 27. Bg5 Qd4 28. Re1 Rad8 29. Qg3 Qg7 30. Ne6 Qg6 31. Nxd8 Rxd8 32. Rxe7 f4 33. Bxf4 Rxd5 34. Qe1 Rf5 35. Bg3 Rf7 36. Re8+ Kg7 37. Bf2 Qd6 38. Qa1+ Kh6 39. Qc1+ Kg6 40. h4 Qf4 41. Qc3 Qf6 42. Rg8+ Kh6 43. Qc1+ Qf4 44. Qe1 Rg7 45. Rc8 Rf7 46. Qe8 Ne5 47. Qxb5 Rf6 48. Re8 Rf5 49. Qa6+ Kg7 50. Qxa7+ Rf7 51. Qd4 Qc1+ 52. Kh2 1-0

[Event "Belgrade City-chT"]
[Site "Belgrade"]
[Date "2013.11.10"]
[Round "6"]
[White "Mladenovic, Aleksandar"]
[Black "Poleksic, Miodrag"]
[Result "1-0"]
[WhiteElo "1877"]
[BlackElo "2206"]
[PlyCount "111"]
[EventDate "2013.10.26"]
[EventType "team-tourn"]
[EventRounds "11"]
[EventCountry "SRB"]
[SourceTitle "EXT 2015"]
[Source "ChessBase"]
[SourceDate "2014.11.20"]
[SourceVersion "1"]
[SourceVersionDate "2014.11.20"]
[SourceQuality "1"]

1. d4 d5 2. c4 e6 3. Nc3 c5 4. cxd5 exd5 5. Nf3 Nf6 6. g3 Nc6 7. Bg2 Be7 8. h3 0-0 9. 0-0 Ne4 10. dxc5 Nxc3 11. bxc3 Bxc5 12. Nd4 Qf6 13. Be3 Bb6 14. Rc1 Rd8 15. Qd3 Ne5 16. Qb5 Nc6 17. h4 Nxd4 18. Bxd4 Bxd4 19. cxd4 Qxd4 20. Rfd1 Qb6 21. Rxd5 Be6 22. Qxb6 axb6 23. Rxd8+ Rxd8 24. Rb1 Bxa2 25. Rxb6 Bd5 26. Bxd5 Rxd5 27. Rxb7 h5 28. Kg2 g6 29. e4 Rd3 30. Rb4 Kf8 31. Kf1 Rd2 32. Ke1 Ra2 33. Rd4 Ke7 34. Rd2 Ra4 35. f3 Ra1+ 36. Kf2 Ra3 37. Ke2 Ke6 38. Rd3 Ra2+ 39. Ke3 Ke5 40. Rd5+ Kf6 41. Kf4 Rf2 42. Rd6+ Ke7 43. Rd3 Rf1 44. Kg5 Rg1 45. f4 Ke6 46. f5+ gxf5 47. exf5+ Ke5 48. Re3+ Kd4 49. Re7 Rxg3+ 50. Kxh5 f6 51. Re6 Kd5 52. Kh6 Rg4 53. h5 Rg3 54. Rxf6 Ke5 55. Rg6 Rh3 56. Kg7 1-0

[Event "Belgrade City-chT"]
[Site "Belgrade"]
[Date "2013.11.09"]
[Round "5"]
[White "Matejic, Zoran"]
[Black "Poleksic, Miodrag"]
[Result "0-1"]
[WhiteElo "2173"]
[BlackElo "2206"]
[PlyCount "72"]
[EventDate "2013.10.26"]
[EventType "team-tourn"]
[EventRounds "11"]
[EventCountry "SRB"]
[SourceTitle "EXT 2015"]
[Source "ChessBase"]
[SourceDate "2014.11.20"]
[SourceVersion "1"]
[SourceVersionDate "2014.11.20"]
[SourceQuality "1"]

1. d4 Nf6 2. Nf3 d5 3. g3 e6 4. Bg2 c5 5. dxc5 Bxc5 6. 0-0 Nc6 7. c4 0-0 8. a3 dxc4 9. Nbd2 c3 10. bxc3 e5 11. Qc2 Qe7 12. Ng5 h6 13. Nge4 Bf5 14. Nxf6+ Qxf6 15. Ne4 Qg6 16. Qa4 Bb6 17. Rd1 Rfd8 18. Bb2 Rac8 19. Rd3 Nd4 20. Re3 Nb3 21. Rd3 Nxa1 22. Bxa1 Bd4 23. cxd4 Bxe4 24. Bxe4 Qxe4 25. Qd1 exd4 26. Bxd4 Qf5 27. Bxa7 Rxd3 28. exd3 Qa5 29. Bd4 Rd8 30. Bb2 Qb5 31. Qc2 Qxd3 32. Qxd3 Rxd3 33. Be5 f6 34. Bf4 Rxa3 35. Bd6 Rd3 36. Bc5 b5 0-1

[Event "Belgrade City-chT"]
[Site "Belgrade"]
[Date "2013.11.02"]
[Round "3"]
[White "Poleksic, Miodrag"]
[Black "Petrovic, Zeljko"]
[Result "0-1"]
[WhiteElo "2206"]
[BlackElo "2178"]
[PlyCount "102"]
[EventDate "2013.10.26"]
[EventType "team-tourn"]
[EventRounds "11"]
[EventCountry "SRB"]
[SourceTitle "EXT 2015"]
[Source "ChessBase"]
[SourceDate "2014.11.20"]
[SourceVersion "1"]
[SourceVersionDate "2014.11.20"]
[SourceQuality "1"]

1. d4 d5 2. c4 c6 3. Nf3 Nf6 4. Nc3 a6 5. c5 g6 6. Bf4 Bg7 7. h3 Nbd7 8. e3 b5 9. cxb6 Qxb6 10. Qb3 0-0 11. Bd3 Bb7 12. 0-0 Rfc8 13. Qxb6 Nxb6 14. b4 Nfd7 15. a4 a5 16. bxa5 Rxa5 17. Rfb1 c5 18. Bb5 Ba8 19. Bxd7 Nxd7 20. Ra3 Bc6 21. Ne5 Bxe5 22. Bxe5 c4 23. Bg3 Rca8 24. Rb4 f5 25. f3 Kf7 26. e4 e6 27. exd5 exd5 28. Ra1 g5 29. h4 h6 30. hxg5 hxg5 31. Bc7 R5a7 32. Bg3 f4 33. Be1 Ke6 34. g3 Kf5 35. Ra2 Rb7 36. Rab2 Rxb4 37. Rxb4 Re8 38. g4+ Ke6 39. Kf1 Kd6 40. Bd2 Ra8 41. Bc1 Kc7 42. Ba3 Nf8 43. Rb2 Ne6 44. Be7 Nxd4 45. Bxg5 Ne6 46. Bf6 d4 47. Nb5+ Bxb5 48. axb5 Kd6 49. b6 c3 50. b7 cxb2 51. bxa8Q b1Q+ 0-1